[Event "It (cat.14)"]
[Site "Wijk aan Zee (Netherlands)"]
[Date "2007.01.15"]
[Round "3"]
[White "Sargissian Gabriel (ARM)"]
[Black "Eljanov Pavel (UKR)"]
[Result "1-0"]
[WhiteElo "2658"]
[BlackElo "2675"]
[PlyCount "83"]
[EventDate "2007.??.??"]
[Source "www.chesslib.no"]
[SourceDate "2004.05.04"]

1. d4 Nf6 2. c4 g6 3. Nf3 Bg7 4. g3 c6 5. Bg2 O-O 6. O-O d5 7. Qb3 dxc4 8. Qxc4 Bf5 9. Nc3 Nbd7 10. e3 Nb6 11. Qe2 Ne4 12. a4 Nd5 13. Nh4 Nexc3 14. bxc3 Be6 15. Bd2 Nb6 16. Rfb1 Bc4 17. Qd1 Ba6 18. Be1 e5 19. Nf3 Qe7 20. a5 Nc4 21. Bf1 c5 22. Ra4 Nd6 23. dxe5 Bxe5 24. Bxa6 bxa6 25. Qd5 Bg7 26. Qxc5 Rac8 27. Qd5 Rfd8 28. Nd4 Qe8 29. Qa2 Ne4 30. Ne6 Nxc3 31. Bxc3 fxe6 32. Bxg7 Kxg7 33. Re4 Rc6 34. Rb7+ Rd7 35. Qb2+ Kg8 36. Kg2 Rcd6 37. Rxd7 Rxd7 38. Qe5 Kf7 39. h4 Rd5 40. Qxd5 exd5 41. Rxe8 Kxe8 42. g4 1-0

[Event "PCA"]
[Site "New York PCA"]
[Date "1994.??.??"]
[Round "1"]
[White "Romanishin, Oleg M"]
[Black "Anand, Viswanathan"]
[Result "1/2-1/2"]
[WhiteElo "2590"]
[BlackElo "2715"]
[PlyCount "53"]
[EventDate "1994.??.??"]
[Source "www.chesslib.no"]
[SourceDate "2004.05.04"]

1. d4 Nf6 2. c4 g6 3. g3 Bg7 4. Nf3 d5 5. Bg2 dxc4 6. O-O c6 7. Nc3 O-O 8. h3 Na6 9. e4 b5 10. Qe2 Bb7 11. Rd1 Nc7 12. Bf4 Ne6 13. Be5 Qb6 14. d5 Nc5 15. Bd4 Nfd7 16. b4 cxb3 17. axb3 Rab8 18. Rac1 h5 19. Be3 Bd4 20. Na2 Na4 21. Nd2 Nac5 22. Nb4 Rbc8 23. dxc6 a5 24. Nd3 Qxc6 25. Nf3 Qd6 26. Qb2 Qe5 27. Bxd4 1/2-1/2

[Event "PCA/Intel-GP"]
[Site "Paris"]
[Date "1994.??.??"]
[Round "2.1"]
[White "Nikolic, Predrag"]
[Black "Smirin, Ilia"]
[Result "1/2-1/2"]
[WhiteElo "2655"]
[BlackElo "2615"]
[PlyCount "103"]
[EventDate "1994.11.??"]
[Source "ChessBase"]

1. d4 Nf6 2. Nf3 g6 3. g3 Bg7 4. Bg2 O-O 5. c4 c6 6. O-O d5 7. b3 Bf5 8. Bb2 Ne4 9. e3 Nd7 10. Qe2 Qa5 11. Rc1 Rac8 12. Nc3 Nxc3 13. Bxc3 Qa6 14. Bf1 dxc4 15. bxc4 c5 16. Nd2 cxd4 17. exd4 e5 18. dxe5 Rfe8 19. f4 f6 20. Nf3 fxe5 21. Nxe5 Nxe5 22. fxe5 Bxe5 23. Bxe5 Rc5 24. Re1 Rcxe5 25. Qxe5 Rxe5 26. Rxe5 Kg7 27. Re3 Qa5 28. a3 Qc5 29. Rae1 Be6 30. Bg2 b6 31. h4 Bxc4 32. Kh2 a5 33. a4 h5 34. Re7+ Kf6 35. R7e4 Bf7 36. Rf4+ Kg7 37. Rb1 Qc2 38. Rbf1 Bd5 39. R1f2 Qc6 40. Rf7+ Kh6 41. R7f6 Qb7 42. Bxd5 Qxd5 43. Rxb6 Qd1 44. Rff6 Kh7 45. Rb7+ Kh6 46. Rff7 Qe2+ 47. Kg1 Qe1+ 48. Kg2 Qe2+ 49. Kg1 Qe1+ 50. Kg2 Qe2+ 51. Kg1 Qe1+ 52. Kg2 1/2-1/2

[Event "Cacak"]
[Site "Cacak"]
[Date "1996.??.??"]
[Round "8"]
[White "Georgiev, Kiril"]
[Black "Leko, Peter"]
[Result "1/2-1/2"]
[WhiteElo "2620"]
[BlackElo "2630"]
[PlyCount "94"]
[EventDate "1996.11.??"]
[Source "ChessBase"]
[SourceDate "1997.04.10"]

1. d4 Nf6 2. c4 g6 3. Nf3 Bg7 4. g3 c6 5. Bg2 d5 6. Nbd2 O-O 7. O-O Na6 8. b3 c5 9. Bb2 b6 10. dxc5 Nxc5 11. b4 Ne6 12. cxd5 Nxd5 13. Bxg7 Nxg7 14. Qb3 Nf6 15. Ne5 Be6 16. Qb2 Bd5 17. b5 Bxg2 18. Kxg2 Ne6 19. Nc6 Qc7 20. Nf3 a6 21. a4 Nc5 22. Rfd1 Rfe8 23. Nfe5 axb5 24. axb5 Qb7 25. Ra2 Ncd7 26. Nf3 Rxa2 27. Qxa2 Qc7 28. Qa3 Nc5 29. Nfe5 Nfe4 30. Nc4 Nf6 31. Qe3 h5 32. h3 Nfe4 33. Rd4 Nf6 34. h4 Ng4 35. Qf3 e5 36. Rd1 Re6 37. Qd5 Kg7 38. Nd6 Nxf2 39. Qxe6 fxe6 40. Ne8+ Kf7 41. Nxc7 Nxd1 42. Nxe5+ Kf6 43. Nc4 Nd7 44. Kf3 Nc3 45. Ke3 Kf5 46. Kd3 Na4 47. Ke3 Nc3 1/2-1/2

[Event "Groningen PCA"]
[Site "Groningen"]
[Date "1993.??.??"]
[Round "5"]
[White "Romanishin, Oleg M"]
[Black "Dolmatov, Sergey"]
[Result "1/2-1/2"]
[WhiteElo "2615"]
[BlackElo "2630"]
[PlyCount "127"]
[EventDate "1993.12.??"]
[Source "ChessBase"]

1. d4 Nf6 2. Nf3 g6 3. g3 Bg7 4. Bg2 d5 5. c4 c6 6. Qb3 O-O 7. O-O Qb6 8. Nc3 Bf5 9. h3 Rd8 10. c5 Qa6 11. Re1 b6 12. Bf1 Qb7 13. a4 Bc8 14. cxb6 axb6 15. Bf4 Nbd7 16. g4 h5 17. g5 Ne4 18. e3 Nf8 19. Bh2 Bf5 20. h4 Nd7 21. Rec1 Rdc8 22. Nxe4 Bxe4 23. Nd2 Bf5 24. a5 b5 25. Qb4 e5 26. Nb3 Bf8 27. Qc3 e4 28. Qd2 Ra6 29. Rc2 Re8 30. Nc1 Qa8 31. Ra2 Be7 32. Ne2 f6 33. Ng3 Be6 34. f4 exf3 35. Bd3 Nf8 36. gxf6 Bxf6 37. Qf2 Bg4 38. Nf1 Qd8 39. Bg3 Re7 40. b4 Rf7 41. Ra1 Be7 42. Rb1 Qd7 43. e4 dxe4 44. Bxe4 Bf5 45. Bxf5 Qxf5 46. Rb3 Ne6 47. Rcc3 Bf6 48. Rxf3 Bxd4 49. Rxf5 Rxf5 50. Ne3 Rxf2 51. Bxf2 c5 52. bxc5 Rxa5 53. c6 Kf7 54. Nd5 Ra1+ 55. Kg2 Ra2 56. Rf3+ Ke8 57. Kf1 Rxf2+ 58. Rxf2 Bxf2 59. Kxf2 Kd8 60. Ke3 g5 61. hxg5 Nxg5 62. Nf4 h4 63. Kd4 Kc8 64. Kd5 1/2-1/2

[Event "Open"]
[Site "?"]
[Date "2005.01.26"]
[Round "5"]
[White "Kempinski Robert"]
[Black "Epishin Vladimir"]
[Result "1/2-1/2"]
[WhiteElo "2624"]
[BlackElo "2614"]
[PlyCount "23"]
[EventDate "2005.??.??"]
[Source "www.chesslib.no"]
[SourceDate "2004.05.04"]

1. Nf3 Nf6 2. g3 g6 3. Bg2 Bg7 4. d4 O-O 5. c4 c6 6. O-O d5 7. Qb3 a5 8. cxd5 a4 9. Qd1 cxd5 10. Nc3 Qa5 11. Qd2 Qa7 12. Nb5 1/2-1/2

[Event "Reggio Emilia91 Top15"]
[Site "Reggio Emilia"]
[Date "1991.??.??"]
[Round "?"]
[White "Romanishin, Oleg M"]
[Black "Epishin, Vladimir"]
[Result "1/2-1/2"]
[WhiteElo "2610"]
[BlackElo "2620"]
[PlyCount "76"]
[EventDate "1991.01.??"]
[Source "ChessBase"]

1. d4 Nf6 2. Nf3 g6 3. g3 Bg7 4. c4 O-O 5. Bg2 c6 6. Nc3 d5 7. Qb3 Qb6 8. O-O Bf5 9. h3 Nbd7 10. cxd5 Qxb3 11. axb3 Nxd5 12. Bd2 a6 13. Ra5 Nxc3 14. bxc3 Be4 15. Rc1 Rad8 16. Be3 Rfe8 17. Ne1 Bxg2 18. Kxg2 e5 19. d5 Nb8 20. c4 e4 21. Bb6 Rd7 22. dxc6 bxc6 23. Nc2 Rb7 24. c5 Bf8 25. Na3 Re5 26. Nc4 Rd5 27. b4 f5 28. Ra2 Kf7 29. Rd2 Rxd2 30. Nxd2 Nd7 31. Nc4 Rb8 32. Ra1 Ra8 33. Bc7 Ke6 34. Bf4 Nf6 35. Nb6 Ra7 36. Nc8 Ra8 37. Nb6 Ra7 38. Nc8 Ra8 1/2-1/2

[Event "Rostov"]
[Site "Rostov"]
[Date "1993.??.??"]
[Round "?"]
[White "Vaganian, Rafael A"]
[Black "Dolmatov, Sergey"]
[Result "1/2-1/2"]
[WhiteElo "2615"]
[BlackElo "2615"]
[PlyCount "48"]
[EventDate "1993.05.??"]
[Source "ChessBase"]

1. Nf3 Nf6 2. c4 g6 3. g3 Bg7 4. Bg2 c6 5. d4 d5 6. Qb3 O-O 7. O-O Qb6 8. Nc3 Bf5 9. Re1 Qxb3 10. axb3 Nbd7 11. Bf4 h6 12. h4 Rfd8 13. Ne5 Nxe5 14. Bxe5 Be6 15. Ra4 a6 16. Rea1 Ne8 17. cxd5 Bxd5 18. Bxg7 Kxg7 19. Bxd5 cxd5 20. b4 Rac8 21. b5 axb5 22. Rb4 e6 23. Nxb5 Rc6 24. Nc3 Nd6 1/2-1/2

[Event "Deutschland"]
[Site "?"]
[Date "1996.??.??"]
[Round "?"]
[White "Ribli, Z."]
[Black "Glek, I."]
[Result "1/2-1/2"]
[WhiteElo "2590"]
[BlackElo "2635"]
[PlyCount "23"]
[EventDate "1996.??.??"]
[Source "ChessBase"]
[SourceDate "1996.06.01"]

1. d4 Nf6 2. Nf3 g6 3. c4 Bg7 4. g3 c6 5. Bg2 d5 6. O-O O-O 7. b3 Ne4 8. Bb2 a5 9. Nbd2 a4 10. Nxe4 dxe4 11. Ne1 f5 12. Nc2 1/2-1/2

[Event "Benasque"]
[Site "?"]
[Date "1995.??.??"]
[Round "?"]
[White "Andersson, U."]
[Black "Lalic, B."]
[Result "1/2-1/2"]
[WhiteElo "2630"]
[BlackElo "2590"]
[PlyCount "53"]
[EventDate "1995.??.??"]
[Source "ChessBase"]
[SourceDate "1995.06.01"]

1. Nf3 Nf6 2. d4 g6 3. c4 Bg7 4. g3 d5 5. Bg2 dxc4 6. Qa4+ c6 7. Qxc4 O-O 8. O-O Bf5 9. Nc3 Nbd7 10. e3 Qc7 11. h3 e5 12. dxe5 Nxe5 13. Nxe5 Qxe5 14. e4 Be6 15. Qe2 Rfe8 16. Be3 Qa5 17. Rfd1 Nd7 18. Bd4 Bxd4 19. Rxd4 b5 20. a3 Qb6 21. Rad1 Ne5 22. f4 Bb3 23. fxe5 Bxd1 24. Qxd1 Rad8 25. Ne2 Rxd4 26. Qxd4 Rd8 27. Qxb6 1/2-1/2

[Event "XXIV ECC"]
[Site "Kallithea GRE"]
[Date "2008.10.20"]
[Round "4"]
[White "Georgiev, Ki"]
[Black "Markos, J."]
[Result "1/2-1/2"]
[WhiteElo "2645"]
[BlackElo "2557"]
[PlyCount "51"]
[EventDate "2008.10.17"]
[Source "www.chesslib.no"]
[SourceDate "2004.05.04"]

1. Nf3 Nf6 2. c4 g6 3. g3 Bg7 4. Bg2 c6 5. d4 d5 6. Qb3 O-O 7. Nc3 Qb6 8. O-O Bf5 9. Qxb6 axb6 10. cxd5 Nxd5 11. Bd2 Nxc3 12. Bxc3 Be4 13. Rfd1 Rd8 14. e3 Nd7 15. Ne1 Bxg2 16. Kxg2 e5 17. dxe5 Nxe5 18. a4 Nc4 19. Bxg7 Kxg7 20. Nd3 Kf6 21. Rac1 Ne5 22. Nxe5 Kxe5 23. b3 Ke6 24. Kf3 Rxd1 25. Rxd1 Ra5 26. e4 1/2-1/2

[Event "Groningen PCA"]
[Site "Groningen"]
[Date "1993.??.??"]
[Round "9"]
[White "Romanishin, Oleg M"]
[Black "Alterman, Boris"]
[Result "1/2-1/2"]
[WhiteElo "2615"]
[BlackElo "2585"]
[PlyCount "55"]
[EventDate "1993.12.??"]
[Source "ChessBase"]

1. d4 Nf6 2. Nf3 g6 3. g3 Bg7 4. Bg2 d5 5. c4 c6 6. Qb3 O-O 7. Nc3 Qb6 8. O-O Bf5 9. h3 Na6 10. c5 Qxb3 11. axb3 Nc7 12. Bf4 Ne6 13. Be3 Be4 14. Ra4 Bxf3 15. Bxf3 Rfd8 16. Rfa1 a6 17. Rb4 Rd7 18. Bg2 Ne4 19. Na4 Rf8 20. Nb6 Rdd8 21. Na4 Rd7 22. Nb6 Rdd8 23. Bxe4 dxe4 24. Nc4 Rd7 25. Nb6 Rdd8 26. Nc4 Rd7 27. Nb6 Rdd8 28. Nc4 1/2-1/2

[Event "It (cat.15)"]
[Site "It (cat.15)"]
[Date "1980.??.??"]
[Round "?"]
[White "Hort, Vlastimil"]
[Black "Kavalek, Lubomir"]
[Result "1/2-1/2"]
[WhiteElo "2595"]
[BlackElo "2600"]
[PlyCount "30"]
[EventDate "1980.??.??"]
[Source "www.chesslib.no"]
[SourceDate "2004.05.04"]

1. d4 Nf6 2. c4 g6 3. g3 Bg7 4. Bg2 O-O 5. Nf3 c6 6. O-O d5 7. Nbd2 Bf5 8. b3 Ne4 9. Bb2 Nd7 10. Nh4 Nxd2 11. Qxd2 Nf6 12. Nxf5 gxf5 13. Qg5 e5 14. e3 exd4 15. exd4 Re8 1/2-1/2